| 000 | 01822cam a2200529 4500 | ||
|---|---|---|---|
| 008 | 040128n2004 000 0 eng u | ||
| 020 | _a1873394667 | ||
| 035 | _a(Sirsi) u125792 | ||
| 041 | _aeng | ||
| 050 |
_a690 _c18 |
||
| 100 | _aSmith, Percy | ||
| 245 | _aRivington's building construction | ||
| 260 |
_aShaftesbury _bDonhead _c2004 |
||
| 300 |
_a2 _fv. (xviii, 422p.) _bill. _c25cm. |
||
| 490 | _aRivington's Series of Notes on Building Construction | ||
| 505 | _aFoundations | ||
| 505 | _aExcavations - shoring - scaffolding | ||
| 505 | _aPlumbing and sanitation | ||
| 505 | _aSanitary fittings | ||
| 505 | _aJoinery | ||
| 505 | _aStairs | ||
| 505 | _aFireproof floors | ||
| 505 | _aPlasterer's work | ||
| 505 | _aPainting - paperhanging - glazing | ||
| 505 | _aHeating and ventilating buildings | ||
| 505 | _aElectric and gas lighting | ||
| 505 | _aMaterials | ||
| 505 | _aStresses in structures | ||
| 520 | _aSecond volume in this three volume work looking in detail at the forms, methods and materials used in building construction. This volume covers various construction methods and elements of building design. | ||
| 650 | _aBUILT ENVIRONMENT-BUILDING MATERIALS | ||
| 650 | _aBUILDING TRADES | ||
| 650 | _aSANITARY INSTALLATIONS | ||
| 650 | _aJOINERY | ||
| 650 | _aPLUMBING | ||
| 650 | _aBUILT ENVIRONMENT-BUILDING ELEMENTS-COMPLETE BUILDING ELEMENTS-FOUNDATIONS | ||
| 650 | _aEXCAVATIONS | ||
| 650 | _aLIGHTING | ||
| 650 | _aFINISHINGS | ||
| 650 | _aBUILT ENVIRONMENT-BUILDING ELEMENTS-COMPLETE BUILDING ELEMENTS-STAIRS | ||
| 650 | _aHEATING SYSTEMS | ||
| 650 | _aVENTILATION | ||
| 650 | _aCONSTRUCTION METHODS | ||
| 650 | _aCONSTRUCTION TECHNIQUES | ||
| 650 | _aBUILT ENVIRONMENT-BUILDING MATERIALS | ||
| 690 | _aBUILT ENVIRONMENT | ||
| 942 | _n0 | ||
| 999 |
_c103473 _d103473 |
||